000 00394 a2200109 4500
001 ART_42752
005 20260410161737.0
008 260409a
245 1 0 _aConvertirnos a la religión del cambio
100 1 _aAustin, James
773 0 _tEjecutivos de finanzas
_gImpacto de la revolución tecnológica en la economía y los negocios - Año 12, Nº 132 (dic. 1996)
_wREV2863
999 _c18398
_d18398